000 00847nam a2200253 a 4500
001 000017017
005 20200929165014.0
008 100312s1948 sp 000 d spa d
040 _aDO-SdBNP
_bspa
_cBNPHU
082 _aM862.1
_bR934t, 1948
100 1 _aRuiz de Alarcón, Juan,
_d1580?-1639
_917661
245 1 0 _aTeatro /
_cRuiz de Alarcón ; prólogo y notas de Alfonso Reyes.
250 _a4a ed.
260 _aMadrid :
_bEspasa-Calpe,
_c1948.
300 _a266, [1] p. ;
_c18 cm.
490 1 _aClásicos castellanos
_v37
504 _aIncluye referencias bibliográficas y notas al pie de las páginas
650 4 _aTeatro mexicano
_917662
650 4 _aLiteratura mexicana
_91922
700 1 _aReyes, Alfonso,
_epról.
_912593
830 0 _aClásicos castellanos ;
_v37
_94180
910 _acatalogación por copia /WM
049 _aBNGR
999 _c16544
_d16544